00430nam a22001577a 450000500170000001000170001702000260003403500170006003700170007708200060009410000190010024500350011926000330015427000550018730000300024220180528153336.0 aB-408864-886 a9788190627870c125.00 aB-408864-886 bPansy Books  aN aHesse, Hermann aSiddhartha /cby Hermann Hesse aNew Delhi bgbd Books c2009 aI-2/16, Ansari Road, Daryaganj,bNew Delhie110002 axviii, 163p. c22cm(pbk)